<?xml version="1.0" encoding="UTF-8"?>
<record
    xmlns:xsi="http://www.w3.org/2001/XMLSchema-instance"
    xsi:schemaLocation="http://www.loc.gov/MARC21/slim http://www.loc.gov/standards/marcxml/schema/MARC21slim.xsd"
    xmlns="http://www.loc.gov/MARC21/slim">

  <leader>01954nam0a2200337 i 4500</leader>
  <controlfield tag="001">RU\NLR\BIBL_A\011272642</controlfield>
  <controlfield tag="005">20241104122318.0</controlfield>
  <datafield tag="010" ind1=" " ind2=" ">
    <subfield code="a">9785887360362</subfield>
    <subfield code="9">170</subfield>
  </datafield>
  <datafield tag="021" ind1=" " ind2=" ">
    <subfield code="a">RU</subfield>
    <subfield code="b">2016-84067</subfield>
    <subfield code="9">5493</subfield>
  </datafield>
  <datafield tag="035" ind1=" " ind2=" ">
    <subfield code="a">(NLR Aleph) 011272642</subfield>
  </datafield>
  <datafield tag="090" ind1=" " ind2=" ">
    <subfield code="a">10826229</subfield>
    <subfield code="c">10826229</subfield>
  </datafield>
  <datafield tag="100" ind1=" " ind2=" ">
    <subfield code="a">20161115d2016    km y0rusy50      ca</subfield>
  </datafield>
  <datafield tag="101" ind1="0" ind2=" ">
    <subfield code="a">rus</subfield>
  </datafield>
  <datafield tag="102" ind1=" " ind2=" ">
    <subfield code="a">RU</subfield>
  </datafield>
  <datafield tag="105" ind1=" " ind2=" ">
    <subfield code="a">y|||z|||100zy</subfield>
  </datafield>
  <datafield tag="200" ind1="1" ind2=" ">
    <subfield code="a">"&#x412; &#x43F;&#x443;&#x442;&#x44C; &#x437;&#x430; &#x43D;&#x435;&#x43F;&#x43E;&#x437;&#x43D;&#x430;&#x43D;&#x43D;&#x44B;&#x43C;..."</subfield>
    <subfield code="e">&#x43C;&#x430;&#x442;&#x435;&#x440;&#x438;&#x430;&#x43B;&#x44B; XXXIII &#x41A;&#x440;&#x430;&#x448;&#x435;&#x43D;&#x438;&#x43D;&#x43D;&#x438;&#x43A;&#x43E;&#x432;&#x441;&#x43A;&#x438;&#x445; &#x447;&#x442;&#x435;&#x43D;&#x438;&#x439;</subfield>
  </datafield>
  <datafield tag="210" ind1=" " ind2=" ">
    <subfield code="a">&#x41F;&#x435;&#x442;&#x440;&#x43E;&#x43F;&#x430;&#x432;&#x43B;&#x43E;&#x432;&#x441;&#x43A;-&#x41A;&#x430;&#x43C;&#x447;&#x430;&#x442;&#x441;&#x43A;&#x438;&#x439;</subfield>
    <subfield code="c">&#x41A;&#x41A;&#x41D;&#x411;</subfield>
    <subfield code="d">2016</subfield>
  </datafield>
  <datafield tag="215" ind1=" " ind2=" ">
    <subfield code="a">320, [1] &#x441;.</subfield>
    <subfield code="d">30</subfield>
    <subfield code="e">1 &#x44D;&#x43B;&#x435;&#x43A;&#x442;&#x440;. &#x43E;&#x43F;&#x442;. &#x434;&#x438;&#x441;&#x43A; (CD-ROM)</subfield>
  </datafield>
  <datafield tag="300" ind1=" " ind2=" ">
    <subfield code="a">&#x412; &#x43D;&#x430;&#x434;&#x437;&#x430;&#x433;.: &#x41C;-&#x432;&#x43E; &#x43A;&#x443;&#x43B;&#x44C;&#x442;&#x443;&#x440;&#x44B; &#x41A;&#x430;&#x43C;&#x447;. &#x43A;&#x440;&#x430;&#x44F;, &#x41A;&#x430;&#x43C;&#x447;. &#x43A;&#x440;&#x430;&#x435;&#x432;. &#x43D;&#x430;&#x443;&#x447;. &#x431;-&#x43A;&#x430; &#x438;&#x43C;. &#x421;.&#x41F;. &#x41A;&#x440;&#x430;&#x448;&#x435;&#x43D;&#x438;&#x43D;&#x43D;&#x438;&#x43A;&#x43E;&#x432;&#x430;</subfield>
  </datafield>
  <datafield tag="320" ind1=" " ind2=" ">
    <subfield code="a">&#x411;&#x438;&#x431;&#x43B;&#x438;&#x43E;&#x433;&#x440;. &#x432; &#x43A;&#x43E;&#x43D;&#x446;&#x435; &#x441;&#x442;.</subfield>
  </datafield>
  <datafield tag="607" ind1=" " ind2=" ">
    <subfield code="a">&#x41A;&#x430;&#x43C;&#x447;&#x430;&#x442;&#x43A;&#x430;, &#x43F;&#x43E;&#x43B;&#x443;&#x43E;&#x441;&#x442;&#x440;&#x43E;&#x432; (&#x421;&#x435;&#x432;&#x435;&#x440;&#x43E;-&#x412;&#x43E;&#x441;&#x442;&#x43E;&#x43A; &#x410;&#x437;&#x438;&#x430;&#x442;&#x441;&#x43A;&#x43E;&#x439; &#x447;&#x430;&#x441;&#x442;&#x438; &#x420;&#x424;)</subfield>
    <subfield code="j">&#x421;&#x44A;&#x435;&#x437;&#x434;&#x44B;, &#x441;&#x43E;&#x432;&#x435;&#x449;&#x430;&#x43D;&#x438;&#x44F; &#x438; &#x442;.&#x43F;</subfield>
    <subfield code="x">&#x41E;&#x442;&#x43A;&#x440;&#x44B;&#x442;&#x438;&#x435; &#x438; &#x438;&#x441;&#x441;&#x43B;&#x435;&#x434;&#x43E;&#x432;&#x430;&#x43D;&#x438;&#x44F;</subfield>
    <subfield code="x">&#x418;&#x441;&#x442;&#x43E;&#x440;&#x438;&#x44F;</subfield>
    <subfield code="9">2243238</subfield>
    <subfield code="3">RU\NLR\AUTH\661345932</subfield>
  </datafield>
  <datafield tag="607" ind1=" " ind2=" ">
    <subfield code="a">&#x41A;&#x430;&#x43C;&#x447;&#x430;&#x442;&#x43A;&#x430;, &#x43F;&#x43E;&#x43B;&#x443;&#x43E;&#x441;&#x442;&#x440;&#x43E;&#x432; (&#x421;&#x435;&#x432;&#x435;&#x440;&#x43E;-&#x412;&#x43E;&#x441;&#x442;&#x43E;&#x43A; &#x410;&#x437;&#x438;&#x430;&#x442;&#x441;&#x43A;&#x43E;&#x439; &#x447;&#x430;&#x441;&#x442;&#x438; &#x420;&#x424;)</subfield>
    <subfield code="j">&#x421;&#x44A;&#x435;&#x437;&#x434;&#x44B;, &#x441;&#x43E;&#x432;&#x435;&#x449;&#x430;&#x43D;&#x438;&#x44F; &#x438; &#x442;.&#x43F;</subfield>
    <subfield code="x">&#x418;&#x441;&#x442;&#x43E;&#x440;&#x438;&#x43A;&#x43E;-&#x44D;&#x442;&#x43D;&#x43E;&#x433;&#x440;&#x430;&#x444;&#x438;&#x447;&#x435;&#x441;&#x43A;&#x438;&#x435; &#x438;&#x441;&#x441;&#x43B;&#x435;&#x434;&#x43E;&#x432;&#x430;&#x43D;&#x438;&#x44F;</subfield>
    <subfield code="9">2185065</subfield>
    <subfield code="3">RU\NLR\AUTH\6601550071</subfield>
  </datafield>
  <datafield tag="686" ind1="1" ind2=" ">
    <subfield code="a">&#x414;890(2&#x420;55-4&#x41A;&#x430;&#x43C;&#x447;)02&#x44F;431</subfield>
  </datafield>
  <datafield tag="686" ind1="1" ind2=" ">
    <subfield code="a">&#x422;52(2&#x420;55-4&#x41A;&#x430;&#x43C;&#x447;)&#x44F;431</subfield>
  </datafield>
  <datafield tag="686" ind1="1" ind2=" ">
    <subfield code="a">&#x422;3(2&#x420;-4&#x41A;&#x430;&#x43C;&#x447;)&#x44F;431</subfield>
  </datafield>
  <datafield tag="711" ind1="1" ind2="2">
    <subfield code="a">&#x41A;&#x440;&#x430;&#x448;&#x435;&#x43D;&#x438;&#x43D;&#x43D;&#x438;&#x43A;&#x43E;&#x432;&#x441;&#x43A;&#x438;&#x435; &#x447;&#x442;&#x435;&#x43D;&#x438;&#x44F;</subfield>
    <subfield code="d">33</subfield>
    <subfield code="e">&#x41F;&#x435;&#x442;&#x440;&#x43E;&#x43F;&#x430;&#x432;&#x43B;&#x43E;&#x432;&#x441;&#x43A;-&#x41A;&#x430;&#x43C;&#x447;&#x430;&#x442;&#x441;&#x43A;&#x438;&#x439;</subfield>
    <subfield code="f">2016</subfield>
    <subfield code="9">538110</subfield>
    <subfield code="3">RU\NLR\AUTH\880436961</subfield>
  </datafield>
  <datafield tag="942" ind1=" " ind2=" ">
    <subfield code="c">BOOK</subfield>
  </datafield>
  <datafield tag="980" ind1=" " ind2=" ">
    <subfield code="a">NBR</subfield>
  </datafield>
</record>
